Länder, die Frankreich am häufigsten besuchen - Statistiken

Allgemein
  • Dieses Quiz wurde 25.205 mal gespielt
  • Das Durchschnittsergebnis liegt bei 11 aus 14
Antwortstatistiken
# Besuche Land % Korrekt
12,7 Mio. Deutschland
100%
6,1 Mio. Spanien
98%
3,2 Mio. Vereinigte Staaten
96%
7,5 Mio. Italien
93%
9,3 Mio. Belgien
89%
6,2 Mio. Schweiz
89%
11,8 Mio. Vereinigtes Königreich
89%
5,5 Mio. Niederlande
88%
1,7 Mio. China
84%
1,4 Mio. Portugal
84%
1,0 Mio. Kanada
76%
1,4 Mio. Luxemburg
55%
1,3 Mio. Australien
51%
1,2 Mio. Brasilien
46%
Keine übereinstimmenden Quizze gefunden
Verteilung der Resultate
Anzahl Personen mit jedem Resultat
Perzentil nach korrekt beantworteten Fragen
Ihre Resultats-Entwicklung
Sie haben dieses Quiz noch nicht gespielt